A guide to Isaiah 1-39 / (Record no. 3759)
[ view plain ]
| 000 -LEADER | |
|---|---|
| fixed length control field | 00576nam a22002057a 4500 |
| 003 - CONTROL NUMBER IDENTIFIER | |
| control field | GBCCL |
| 005 - DATE AND TIME OF LATEST TRANSACTION | |
| control field | 20241126110502.0 |
| 008 - FIXED-LENGTH DATA ELEMENTS--GENERAL INFORMATION | |
| fixed length control field | 171208b xxu||||| |||| 00| 0 eng d |
| 020 ## - INTERNATIONAL STANDARD BOOK NUMBER | |
| International Standard Book Number | 81-7214-140-8 |
| 040 ## - CATALOGING SOURCE | |
| Transcribing agency | gbc |
| 082 ## - DEWEY DECIMAL CLASSIFICATION NUMBER | |
| Classification number | 224.1061 |
| Item number | PAR |
| 100 ## - MAIN ENTRY--PERSONAL NAME | |
| Personal name | Partain, Jack |
| 9 (RLIN) | 7421 |
| 245 #2 - TITLE STATEMENT | |
| Title | A guide to Isaiah 1-39 / |
| Statement of responsibility, etc. | Jack Partain & Richard Deutsch |
| 250 ## - EDITION STATEMENT | |
| Edition statement | 3rd Ed. |
| 260 ## - PUBLICATION, DISTRIBUTION, ETC. | |
| Name of publisher, distributor, etc. | ISPCK, |
| Place of publication, distribution, etc. | Delhi: |
| Date of publication, distribution, etc. | 1995 |
| 300 ## - PHYSICAL DESCRIPTION | |
| Extent | 262 p.; |
| Other physical details | ill., |
| Dimensions | 21 cm. |
| 440 ## - SERIES STATEMENT/ADDED ENTRY--TITLE | |
| Title | ISPCK Study Guide |
| Volume/sequential designation | 21 |
| 9 (RLIN) | 7422 |
| 650 ## - SUBJECT ADDED ENTRY--TOPICAL TERM | |
| Topical term or geographic name entry element | Bible |
| Form subdivision | Old Testament |
| General subdivision | Isaiah 1-39 |
| 9 (RLIN) | 11038 |
| 942 ## - ADDED ENTRY ELEMENTS (KOHA) | |
| Edition | 3RD |
| Source of classification or shelving scheme | Dewey Decimal Classification |
| Koha item type | Books |
| Koha issues (borrowed), all copies | 22 |
| Withdrawn status | Lost status | Source of classification or shelving scheme | Damaged status | Not for loan | Home library | Current Library | Shelving location | Date acquired | Total checkouts | Full call number | Barcode | Date last seen | Date last checked out | Copy number | Price effective from | Koha item type |
|---|---|---|---|---|---|---|---|---|---|---|---|---|---|---|---|---|
| Dewey Decimal Classification | GRACE BIBLE COLLEGE | GRACE BIBLE COLLEGE | Biblical Studies | 2017-12-08 | 8 | 224.1061 PAR | 006015 | 2025-05-01 | 2025-01-27 | c.1 | 2017-12-08 | Books | ||||
| Dewey Decimal Classification | GRACE BIBLE COLLEGE | GRACE BIBLE COLLEGE | Biblical Studies | 2017-12-08 | 6 | 224.1061 PAR | 011976 | 2025-05-01 | 2023-09-05 | c.4 | 2017-12-08 | Books | ||||
| Dewey Decimal Classification | GRACE BIBLE COLLEGE | GRACE BIBLE COLLEGE | Biblical Studies | 2017-12-08 | 5 | 224.1061 PAR | 011975 | 2025-05-01 | 2022-08-08 | c.3 | 2017-12-08 | Books | ||||
| Dewey Decimal Classification | GRACE BIBLE COLLEGE | GRACE BIBLE COLLEGE | Biblical Studies | 2017-12-08 | 3 | 224.1061 PAR | 011974 | 2025-05-01 | 2022-08-10 | c.2 | 2017-12-08 | Books | ||||
| Dewey Decimal Classification | GRACE BIBLE COLLEGE | GRACE BIBLE COLLEGE | Biblical Studies | 2017-12-08 | 1 | 224.1061 PAR | 011977 | 2025-05-01 | 2023-09-04 | c.5 | 2017-12-08 | Books |